Score 0/20 Timer 03:00
0 Plays Today
Character Missing Word % Correct
Daffy ____Duck
97.6%
Bugs _____Bunny
97.1%
Porky _____Pig
95.1%
_____ FuddElmer
90.3%
Road _____Runner
90.2%
_____ E. CoyoteWile
84.9%
_____ GonzalezSpeedy
82.3%
_____ Le PewPepe
80.2%
Foghorn _____Leghorn
72.2%
______ the MartianMarvin
64.1%
Character Missing Word % Correct
_____ DevilTasmanian
61.7%
________ SamYosemite
57%
_____ PrissyMiss
30.9%
_____ HazelWitch
26.9%
_____ J. FrogMichigan
13%
Sam the _____Sheepdog
10.6%
Hippety _____Hopper
10.2%
Henery _____Hawk
9.9%
Slowpoke _____Rodriguez
9.7%
Beaky _____Buzzard
6.7%

Today's Daily Dose

Remove Ads.
Support Sporcle.
Get the best of Sporcle when you Go Orange. This ad-free experience offers more features, more stats, and more fun while also helping to support Sporcle. Thank you for becoming a member.

You're not logged in!

Compare scores with friends on all Sporcle quizzes.
OR
Log In

Show Comments

Extras

Top Quizzes Today


Score Distribution

Your Account Isn't Verified!

In order to create a playlist on Sporcle, you need to verify the email address you used during registration. Go to your Sporcle Settings to finish the process.

Report this User

Report this user for behavior that violates our Community Guidelines.

Details: